<?xml version="1.0" encoding="UTF-8"?>
<record
    xmlns:xsi="http://www.w3.org/2001/XMLSchema-instance"
    xsi:schemaLocation="http://www.loc.gov/MARC21/slim http://www.loc.gov/standards/marcxml/schema/MARC21slim.xsd"
    xmlns="http://www.loc.gov/MARC21/slim">

  <leader>02190nam a22002177a 4500</leader>
  <controlfield tag="005">20230313163357.0</controlfield>
  <controlfield tag="008">230310b           ||||| |||| 00| 0 eng d</controlfield>
  <datafield tag="020" ind1=" " ind2=" ">
    <subfield code="a">9780486428277</subfield>
  </datafield>
  <datafield tag="040" ind1=" " ind2=" ">
    <subfield code="c">AL</subfield>
  </datafield>
  <datafield tag="041" ind1=" " ind2=" ">
    <subfield code="a">eng</subfield>
  </datafield>
  <datafield tag="082" ind1=" " ind2=" ">
    <subfield code="2">23</subfield>
    <subfield code="a">530.144</subfield>
    <subfield code="b">FETQ</subfield>
  </datafield>
  <datafield tag="100" ind1=" " ind2=" ">
    <subfield code="a">Alexander L. Fetter</subfield>
    <subfield code="9">74999</subfield>
  </datafield>
  <datafield tag="245" ind1=" " ind2=" ">
    <subfield code="a">Quantum Theory of Many-Particle Systems</subfield>
  </datafield>
  <datafield tag="260" ind1=" " ind2=" ">
    <subfield code="a">New York</subfield>
    <subfield code="b">Dover Publications</subfield>
    <subfield code="c">2003</subfield>
  </datafield>
  <datafield tag="300" ind1=" " ind2=" ">
    <subfield code="a">xvi,601p.</subfield>
    <subfield code="b">PB</subfield>
    <subfield code="c">21.5x14cm.</subfield>
  </datafield>
  <datafield tag="365" ind1=" " ind2=" ">
    <subfield code="2">General</subfield>
    <subfield code="a">8204</subfield>
    <subfield code="b">&#x20B9;2382.00</subfield>
    <subfield code="c">&#x20B9;</subfield>
    <subfield code="d">&#x20B9;2978.00</subfield>
    <subfield code="e">20%</subfield>
    <subfield code="f">03/03/2023</subfield>
  </datafield>
  <datafield tag="520" ind1=" " ind2=" ">
    <subfield code="a">"Singlemindedly devoted to its job of educating potential many-particle theorists&#x2026;deserves to become the standard text in the field." &#x2014; Physics Today."The most comprehensive textbook yet published in its field and every postgraduate student or teacher in this field should own or have access to a copy." &#x2014; Endeavor
A self-contained, unified treatment of nonrelativistic many-particle systems, this text offers a solid introduction to procedures in a manner that enables students to adopt techniques for their own use. Its discussions of formalism and applications move easily between general theory and direct use by offering illustrations of principles to specific cases.Chapters on second quantization and statistical mechanics introduce students to ground-state (zero-temperature) formalism, which is explored by way of Green&#x2019;s functions and field theory (fermions), Fermi systems, linear response and collective modes, and Bose systems. Finite-temperature formalism is examined through field theory at finite temperature, physical systems at finite temperature, and real-time Green&#x2019;s functions and linear response. Additional topics cover canonical transformations and applications to physical systems in terms of nuclear matter, phonons and electrons, superconductivity, and superfluid helium as well as applications to finite systems.Graduate students will find this text enormously practical in making the transition from taking courses in quantum mechanics to interpreting the vast quantity of literature concerning the many-body problem.</subfield>
  </datafield>
  <datafield tag="650" ind1=" " ind2=" ">
    <subfield code="2">Physics</subfield>
    <subfield code="a">Physics</subfield>
    <subfield code="9">75282</subfield>
  </datafield>
  <datafield tag="700" ind1=" " ind2=" ">
    <subfield code="a">Walecka, John Dirk</subfield>
    <subfield code="9">75000</subfield>
  </datafield>
  <datafield tag="942" ind1=" " ind2=" ">
    <subfield code="2">ddc</subfield>
    <subfield code="c">BK</subfield>
  </datafield>
  <datafield tag="999" ind1=" " ind2=" ">
    <subfield code="c">226981</subfield>
    <subfield code="d">226981</subfield>
  </datafield>
  <datafield tag="952" ind1=" " ind2=" ">
    <subfield code="0">0</subfield>
    <subfield code="1">0</subfield>
    <subfield code="2">ddc</subfield>
    <subfield code="4">0</subfield>
    <subfield code="7">0</subfield>
    <subfield code="8">PHY</subfield>
    <subfield code="a">SACPG</subfield>
    <subfield code="b">SACPG</subfield>
    <subfield code="d">2023-03-07</subfield>
    <subfield code="e">Biblios Book Point</subfield>
    <subfield code="g">2382.00</subfield>
    <subfield code="l">0</subfield>
    <subfield code="o">530.144 FETQ</subfield>
    <subfield code="p">PG024265</subfield>
    <subfield code="r">2023-03-10 00:00:00</subfield>
    <subfield code="v">2978.00</subfield>
    <subfield code="w">2023-03-03</subfield>
    <subfield code="y">BK</subfield>
  </datafield>
</record>
